[Event "28th 4NCL Congress"]
[Site "Leamington Spa"]
[Date "2022.07.09"]
[Round "3"]
[Board "5"]
[White "Davies, Nigel R"]
[Black "Gomez, Daniel"]
[Result "1/2-1/2"]
[WhiteElo "2441"]
[BlackElo "2094"]
[PlyCount "65"]
[EventDate "2022.07.08"]
[EventRounds "5"]
[EventCountry "ENG"]

1. Nf3 Nf6 2. g3 d5 3. Bg2 c5 4. O-O Nc6 5. d4 e6 6. c4 dxc4 7. dxc5 Qxd1 8.
Rxd1 Bxc5 9. Nbd2 c3 10. bxc3 O-O 11. Nb3 Be7 12. Nfd4 Nxd4 13. cxd4 Nd5 14.
Bd2 b6 15. e4 Nb4 16. d5 e5 17. Bc3 Bd6 18. Rd2 a5 19. Nc1 Bd7 20. Rb1 Rfc8 21.
Ba1 b5 22. Bf1 Nc2 23. Nd3 Nxa1 24. Rxa1 Rc3 25. Be2 b4 26. Kf1 Rac8 27. Ke1 a4
28. Rb1 b3 29. axb3 axb3 30. Bd1 Ba4 31. Ke2 Kf8 32. Ke1 Ke7 33. f3  1/2-1/2

[Event "28th 4NCL Congress"]
[Site "Leamington Spa"]
[Date "2022.07.09"]
[Round "3"]
[Board "6"]
[White "Quillan, Gary"]
[Black "Shearsby, Jude"]
[Result "1-0"]
[WhiteElo "2386"]
[BlackElo "2071"]
[PlyCount "85"]
[EventDate "2022.07.08"]
[EventRounds "5"]
[EventCountry "ENG"]

1. e4 c5 2. Nf3 d6 3. Bb5+ Nd7 4. O-O a6 5. Bd3 Ngf6 6. c3 g6 7. Bc2 Bg7 8. d4
O-O 9. Re1 e5 10. h3 Qc7 11. Nbd2 b6 12. dxe5 dxe5 13. Nc4 b5 14. Nd6 Rd8 15.
Nxc8 Raxc8 16. a4 c4 17. Bg5 Nc5 18. Qe2 h6 19. Bh4 g5 20. Bg3 Nh5 21. axb5
Nxg3 22. fxg3 axb5 23. Nh2 Nd3 24. Rf1 Qb6+ 25. Kh1 Nxb2 26. Ng4 Nd3 27. Ne3
Qe6 28. Ra7 Nc5 29. Rfxf7 Nd7 30. Rf1 Qb6 31. Rfa1 Nf6 32. Nd5 Nxd5 33. exd5
Rc7 34. Rxc7 Qxc7 35. Qe4 Qf7 36. Qh7+ Kf8 37. Kg1 Rd6 38. Bf5 Qxd5 39. Kh2 Qb7
40. Be4 Qe7 41. Ra8+ Rd8 42. Bd5 Ke8 43. Qg6+  1-0

[Event "28th 4NCL Congress"]
[Site "Leamington Spa"]
[Date "2022.07.09"]
[Round "3"]
[Board "8"]
[White "Agnew, Alan"]
[Black "Taylor, Adam A"]
[Result "1-0"]
[WhiteElo "2195"]
[BlackElo "2288"]
[PlyCount "95"]
[EventDate "2022.07.08"]
[EventRounds "5"]
[EventCountry "ENG"]

1. d4 Nf6 2. c4 e6 3. Nf3 Bb4+ 4. Bd2 Qe7 5. g3 Nc6 6. Nc3 Na5 7. e3 b6 8. a3
Bxc3 9. Bxc3 Bb7 10. Bxa5 bxa5 11. Bg2 Rb8 12. Qa4 Be4 13. O-O Rxb2 14. Qxa5 d6
15. Nd2 Bxg2 16. Kxg2 c5 17. Rab1 Qb7+ 18. Kg1 O-O 19. Qc3 Rb6 20. Rxb6 axb6
21. Rb1 Ra8 22. Rb3 h5 23. Qb2 Ra6 24. h4 Qc6 25. Rb5 Nd7 26. Qb3 Qa8 27. Nb1
Qf3 28. Nc3 g6 29. a4 Kg7 30. Qb2 e5 31. d5 Qg4 32. e4 Qf3 33. Rb3 Nf6 34. Qc2
Ng4 35. Nb5 Qf6 36. f3 Rxa4 37. fxg4 Ra1+ 38. Rb1 Rxb1+ 39. Qxb1 Qf3 40. Qe1
hxg4 41. Nxd6 f6 42. Qf2 Qd1+ 43. Kh2 Qa4 44. Qe2 Qd7 45. Nb5 f5 46. exf5 Qxf5
47. d6 Kh7 48. Qd2  1-0

[Event "28th 4NCL Congress"]
[Site "Leamington Spa"]
[Date "2022.07.09"]
[Round "3"]
[Board "9"]
[White "Ther, Mate"]
[Black "Bradbury, Neil H"]
[Result "0-1"]
[WhiteElo "2153"]
[BlackElo "2274"]
[PlyCount "54"]
[EventDate "2022.07.08"]
[EventRounds "5"]
[EventCountry "ENG"]

1. e4 c6 2. d4 d5 3. Nc3 dxe4 4. Nxe4 Nd7 5. Ng5 Ngf6 6. Bd3 e6 7. N1f3 Bd6 8.
c3 h6 9. Ne4 Nxe4 10. Bxe4 Nf6 11. Bd3 O-O 12. Bd2 c5 13. dxc5 Bxc5 14. Qc2 Qc7
15. h3 b6 16. O-O-O Bb7 17. Rdf1 Rad8 18. Ne1 e5 19. Rhg1 e4 20. Be2 Rxd2 21.
Qxd2 Rd8 22. Qc2 Qf4+ 23. Kb1 Rd2 24. Qc1 Qd6 25. b4 Rxe2 26. bxc5 Qxc5 27. Qd1
Nd5  0-1

[Event "28th 4NCL Congress"]
[Site "Leamington Spa"]
[Date "2022.07.09"]
[Round "3"]
[Board "10"]
[White "Sedykh, Mikhail"]
[Black "Murawski, Jan"]
[Result "1-0"]
[WhiteElo "2273"]
[BlackElo "1963"]
[PlyCount "41"]
[EventDate "2022.07.08"]
[EventRounds "5"]
[EventCountry "ENG"]

1. d4 Nf6 2. c4 e6 3. Nc3 d5 4. cxd5 exd5 5. Bg5 Be7 6. e3 Bf5 7. Bxf6 Bxf6 8.
Qb3 Be6 9. Qxb7 Nd7 10. Nxd5 Bxd5 11. Qxd5 O-O 12. Bb5 Nb6 13. Qxd8 Raxd8 14.
Rc1 a6 15. Bc6 Be7 16. Nf3 Bb4+ 17. Ke2 f5 18. Rhd1 Rf7 19. Ne5 Re7 20. Bf3 Na4
21. Nc6  1-0

[Event "28th 4NCL Congress"]
[Site "Leamington Spa"]
[Date "2022.07.09"]
[Round "3"]
[Board "11"]
[White "Goater, Kevin P"]
[Black "Okhai, Shabir"]
[Result "1/2-1/2"]
[WhiteElo "2115"]
[BlackElo "2265"]
[PlyCount "122"]
[EventDate "2022.07.08"]
[EventRounds "5"]
[EventCountry "ENG"]

1. d4 Nf6 2. Bg5 e6 3. Nd2 c5 4. e3 h6 5. Bh4 cxd4 6. exd4 Be7 7. c3 O-O 8. Bd3
d6 9. Qe2 Nbd7 10. Ngf3 Nh5 11. Bxe7 Qxe7 12. g3 Nhf6 13. g4 Nd5 14. O-O-O Nf4
15. Qe4 Nxd3+ 16. Qxd3 b6 17. Rhg1 Bb7 18. h4 e5 19. Rde1 Rfe8 20. dxe5 dxe5
21. g5 h5 22. g6 e4 23. Qc4 Nf6 24. gxf7+ Qxf7 25. Ng5 Qd5 26. Nh3 Rac8 27. Qb3
Qxb3 28. Nxb3 Ng4 29. Nd4 Rf8 30. Ne6 Rf6 31. Neg5 Nxf2 32. Nxf2 Rxf2 33. Nxe4
Bxe4 34. Rxe4 Rcf8 35. Re7 Rf1+ 36. Rxf1 Rxf1+ 37. Kc2 Rf7 38. Re4 Kh7 39. b4
Kg6 40. a4 Kf5 41. Rd4 Re7 42. Kb3 g5 43. hxg5 Kxg5 44. Rd5+ Kg4 45. Rd4+ Kf3
46. Rd3+ Kf2 47. Rd2+ Kf1 48. Rd1+ Kf2 49. Rd2+ Ke3 50. Rd1 Rh7 51. c4 h4 52.
c5 bxc5 53. bxc5 h3 54. c6 Kf3 55. Rd7 Rh8 56. c7 h2 57. Rd8 h1=Q 58. c8=Q Qb1+
59. Ka3 Qa1+ 60. Kb3 Qb1+ 61. Ka3 Qa1+  1/2-1/2

[Event "28th 4NCL Congress"]
[Site "Leamington Spa"]
[Date "2022.07.09"]
[Round "3"]
[Board "12"]
[White "Gopakumar, Siddharth"]
[Black "Walker, Martin G"]
[Result "1/2-1/2"]
[WhiteElo "1979"]
[BlackElo "2232"]
[PlyCount "92"]
[EventDate "2022.07.08"]
[EventRounds "5"]
[EventCountry "ENG"]

1. d4 Nf6 2. c4 g6 3. Nc3 d5 4. cxd5 Nxd5 5. e4 Nxc3 6. bxc3 Bg7 7. Bc4 c5 8.
Ne2 Nc6 9. Be3 O-O 10. O-O Bg4 11. f3 Bd7 12. Rb1 Rc8 13. dxc5 Na5 14. Bb5 Be6
15. Qa4 Nc6 16. Nd4 Bd7 17. Bxc6 Bxc6 18. Qxa7 Ra8 19. Qb6 Rxa2 20. Nxc6 bxc6
21. Rfd1 Qc8 22. Bd4 Qe6 23. Qb3 Qxb3 24. Rxb3 Rd8 25. Rbb1 Rc2 26. Bxg7 Rxd1+
27. Rxd1 Kxg7 28. Rd3 Kf6 29. h4 Ra2 30. Kh2 Ra5 31. Kg3 Rxc5 32. Kf4 Rc4 33.
Ke3 Ke6 34. Kd2 Ra4 35. Ke2 Ke5 36. Ke3 Ra2 37. g3 Rc2 38. f4+ Ke6 39. Kd4 Kd6
40. e5+ Kc7 41. c4 Ra2 42. Kc5 Ra7 43. Kb4 Rb7+ 44. Kc5 Ra7 45. Kb4 Rb7+ 46.
Kc5 Ra7  1/2-1/2

[Event "28th 4NCL Congress"]
[Site "Leamington Spa"]
[Date "2022.07.09"]
[Round "3"]
[Board "13"]
[White "Carroll, Thomas"]
[Black "Gibson, Christopher A"]
[Result "1-0"]
[WhiteElo "2226"]
[BlackElo "1947"]
[PlyCount "39"]
[EventDate "2022.07.08"]
[EventRounds "5"]
[EventCountry "ENG"]

1. d4 Nf6 2. Bg5 e6 3. e4 h6 4. Bxf6 Qxf6 5. c3 d5 6. Nd2 c5 7. Ngf3 cxd4 8.
Nxd4 Nc6 9. Bb5 Bd7 10. O-O Be7 11. exd5 exd5 12. Qb3 a6 13. Bxc6 bxc6 14. Qb7
Rd8 15. Qxa6 O-O 16. N2f3 Bd6 17. Kh1 Bg4 18. Qxc6 h5 19. Qxd5 Bxh2 20. Qg5  1-0

[Event "28th 4NCL Congress"]
[Site "Leamington Spa"]
[Date "2022.07.09"]
[Round "3"]
[Board "14"]
[White "Jones, Steven A"]
[Black "Saunders, Aron"]
[Result "1/2-1/2"]
[WhiteElo "2348"]
[BlackElo "2055"]
[PlyCount "77"]
[EventDate "2022.07.08"]
[EventRounds "5"]
[EventCountry "ENG"]

1. e4 c6 2. Nc3 d5 3. Nf3 Bg4 4. h3 Bxf3 5. Qxf3 e6 6. Be2 Bc5 7. O-O Nd7 8.
Qg3 Bd4 9. exd5 cxd5 10. Nb5 Be5 11. Qa3 a6 12. Nd6+ Bxd6 13. Qxd6 Rc8 14. c3
Qe7 15. Qxe7+ Nxe7 16. d4 O-O 17. Bf4 Nc6 18. Rfd1 Rfe8 19. Rac1 f6 20. c4 dxc4
21. d5 Nce5 22. dxe6 Nf8 23. Bxe5 fxe5 24. Bxc4 b5 25. Bb3 Rxc1 26. e7+ Rc4 27.
exf8=R+ Kxf8 28. Bxc4 bxc4 29. Rc1 Rb8 30. Rxc4 Rxb2 31. Ra4 Rb6 32. Ra5 Re6
33. Kf1 Ke7 34. Ke2 Kf6 35. Rc5 Rb6 36. a4 Rb2+ 37. Ke3 Rb3+ 38. Kd2 Rb2+ 39.
Ke3  1/2-1/2

[Event "28th 4NCL Congress"]
[Site "Leamington Spa"]
[Date "2022.07.09"]
[Round "3"]
[Board "15"]
[White "Chauhan, Pranay"]
[Black "Dignam, Matthew P"]
[Result "1-0"]
[WhiteElo "2047"]
[BlackElo "2289"]
[PlyCount "75"]
[EventDate "2022.07.08"]
[EventRounds "5"]
[EventCountry "ENG"]

1. Nf3 d6 2. d4 Bg4 3. c4 Nd7 4. e3 e5 5. Be2 f5 6. Nc3 c6 7. b3 Qf6 8. Ba3 Be7
9. Qd2 Nh6 10. O-O e4 11. Ne1 Qh4 12. f3 exf3 13. Nxf3 Bxf3 14. Bxf3 O-O 15.
Rae1 Nf6 16. g3 Qg5 17. Qg2 Rae8 18. Bc1 Qg6 19. e4 Bd8 20. e5 dxe5 21. dxe5
Nfg4 22. Ba3 Bb6+ 23. Kh1 Rf7 24. Qd2 Nxe5 25. Na4 Rd7 26. Qe2 Ba5 27. b4 Bc7
28. Bh5 Qe6 29. Nc5 Qd6 30. Bxe8 Re7 31. Bh5 g6 32. Bf3 b6 33. Nd3 Nxd3 34.
Qxe7 Qd4 35. Qe8+ Kg7 36. Re7+ Kf6 37. Qf8+ Kg5 38. h4+  1-0

[Event "28th 4NCL Congress"]
[Site "Leamington Spa"]
[Date "2022.07.09"]
[Round "3"]
[Board "16"]
[White "Schwartz, Julius"]
[Black "Cast, Julian"]
[Result "1-0"]
[WhiteElo "2285"]
[BlackElo "2021"]
[PlyCount "55"]
[EventDate "2022.07.08"]
[EventRounds "5"]
[EventCountry "ENG"]

1. d4 Nf6 2. c4 e5 3. dxe5 Ne4 4. Nd2 Nc5 5. Ngf3 Nc6 6. g3 Qe7 7. Bg2 g6 8.
O-O Bg7 9. Nb1 Nxe5 10. Nc3 O-O 11. Nxe5 Bxe5 12. Bh6 Re8 13. Nd5 Qd8 14. Qd2
d6 15. e4 c6 16. f4 cxd5 17. fxe5 Rxe5 18. exd5 Bf5 19. Rf4 Nd3 20. Rxf5 Rxf5
21. Qxd3 Qb6+ 22. Kh1 Qxb2 23. Re1 Rh5 24. Bf4 Rd8 25. Qb3 Qf2 26. Rf1 Qd4 27.
g4 Rh4 28. Bg5  1-0

[Event "28th 4NCL Congress"]
[Site "Leamington Spa"]
[Date "2022.07.09"]
[Round "3"]
[Board "17"]
[White "Buanne, Luca"]
[Black "Martin, Lewis"]
[Result "1-0"]
[WhiteElo "2038"]
[BlackElo "2273"]
[PlyCount "71"]
[EventDate "2022.07.08"]
[EventRounds "5"]
[EventCountry "ENG"]

1. d4 d5 2. c4 c6 3. Nf3 Nf6 4. Nc3 dxc4 5. a4 Bf5 6. Nh4 e6 7. Nxf5 exf5 8. e3
Bb4 9. Bxc4 O-O 10. O-O Nbd7 11. Bd3 g6 12. Qf3 Re8 13. Rd1 Qa5 14. Bd2 Rad8
15. h3 Nc5 16. Bc4 Ne6 17. Be1 Qc7 18. Rac1 Ng5 19. Qe2 f4 20. h4 Ne6 21. Bxe6
Rxe6 22. d5 Ree8 23. dxc6 Rxd1 24. Qxd1 bxc6 25. Nb5 Qa5 26. Nd6 Rd8 27. Qd4
Bxe1 28. Qxf6 Bxf2+ 29. Kf1 Rd7 30. Nc4 Bxh4 31. Qxh4 Qxa4 32. Qxf4 Rd1+ 33.
Rxd1 Qxd1+ 34. Kf2 Qc2+ 35. Kg3 Kg7 36. Qd4+  1-0

[Event "28th 4NCL Congress"]
[Site "Leamington Spa"]
[Date "2022.07.09"]
[Round "3"]
[Board "18"]
[White "Zhang, Anthony Y"]
[Black "Verma, Shlok"]
[Result "1/2-1/2"]
[WhiteElo "2237"]
[BlackElo "2012"]
[PlyCount "203"]
[EventDate "2022.07.08"]
[EventRounds "5"]
[EventCountry "ENG"]

1. Nf3 d5 2. d4 Nf6 3. c4 dxc4 4. e3 e6 5. Bxc4 a6 6. Bb3 b5 7. O-O Bb7 8. Nbd2
c5 9. dxc5 Bxc5 10. Qe2 Nbd7 11. e4 Qc7 12. h3 Ne5 13. Nxe5 Qxe5 14. Bc2 O-O
15. Nf3 Qh5 16. Bf4 Rfd8 17. Rfd1 h6 18. Bc7 Rdc8 19. Be5 Rd8 20. Rac1 Bb6 21.
Bb1 Ne8 22. b4 f6 23. Bf4 Rxd1+ 24. Rxd1 Rd8 25. Rxd8 Bxd8 26. Be3 Qf7 27. a3
Qd7 28. Nd4 Kh8 29. Qg4 Bc8 30. Ba2 Nc7 31. Qg6 Bb7 32. Qg4 Bc8 33. g3 Kh7 34.
Qh5 Bb7 35. Qg4 Bc8 36. Kh2 Be7 37. Qh5 Bf8 38. h4 e5 39. Nf5 g6 40. Qg4 Bg7
41. h5 gxf5 42. Qg6+ Kh8 43. Bxh6 Qe7 44. Bf7 Qf8 45. Be3 f4 46. gxf4 Be6 47.
Bxe6 Nxe6 48. fxe5 Ng5 49. exf6 Bxf6 50. Bxg5 Bxg5 51. Qxg5 Qxf2+ 52. Kh3 Qf3+
53. Kh4 Qxe4+ 54. Qg4 Qe7+ 55. Kg3 Qe3+ 56. Qf3 Qg5+ 57. Kf2 Qd2+ 58. Qe2 Qf4+
59. Kg2 Qg5+ 60. Kh3 Qf5+ 61. Qg4 Qd3+ 62. Qg3 Qf5+ 63. Kh4 Qf6+ 64. Kg4 Qe6+
65. Kg5 Qg8+ 66. Kf4 Qf7+ 67. Ke4 Qc4+ 68. Kf5 Qf7+ 69. Kg4 Qe6+ 70. Kg5 Qe7+
71. Kf5 Qf7+ 72. Kg4 Qe6+ 73. Kf3 Qd5+ 74. Kg4 Qe6+ 75. Kh4 Qf6+ 76. Qg5 Qd4+
77. Qg4 Qf6+ 78. Kg3 Qe5+ 79. Qf4 Qc3+ 80. Kg4 Qg7+ 81. Kf5 Qf7+ 82. Ke4 Qc4+
83. Ke3 Qc1+ 84. Ke4 Qc4+ 85. Kf3 Qd5+ 86. Ke2 Qxh5+ 87. Kd3 Qh3+ 88. Qe3 Qc8
89. Kd4 Qd7+ 90. Kc3 Qc6+ 91. Qc5 Qf3+ 92. Kd4 Qxa3 93. Qc3 Qa4 94. Kc5+ Kg8
95. Kb6 Kh7 96. Qc7+ Kg6 97. Kc5 Qc2+ 98. Kb6 Qa4 99. Qb7 Qxb4 100. Qxa6 Qd6+
101. Kxb5 Qxa6+ 102. Kxa6  1/2-1/2

[Event "28th 4NCL Congress"]
[Site "Leamington Spa"]
[Date "2022.07.09"]
[Round "3"]
[Board "19"]
[White "Payne, Matthew J"]
[Black "Hill, Andy"]
[Result "1-0"]
[WhiteElo "2230"]
[BlackElo "2008"]
[PlyCount "57"]
[EventDate "2022.07.08"]
[EventRounds "5"]
[EventCountry "ENG"]

1. e4 e6 2. d4 d5 3. Nc3 Bb4 4. e5 Qd7 5. Qg4 f5 6. Qg3 b6 7. Bd2 Nc6 8. Nf3
Bb7 9. a3 Bf8 10. h4 O-O-O 11. Bd3 Nh6 12. Ne2 Ng4 13. Nf4 Re8 14. O-O-O g6 15.
Be3 Na5 16. h5 Rg8 17. hxg6 hxg6 18. Ng5 Bh6 19. Nfxe6 Rh8 20. Bd2 Rxe6 21.
Nxe6 Bxd2+ 22. Kxd2 Rxh1 23. Rxh1 Qxe6 24. f3 Nc4+ 25. Bxc4 dxc4 26. Rh8+ Kd7
27. fxg4 Be4 28. gxf5 Qxf5 29. Qh3  1-0

[Event "28th 4NCL Congress"]
[Site "Leamington Spa"]
[Date "2022.07.09"]
[Round "3"]
[Board "20"]
[White "Jackson, Oliver A"]
[Black "Wedge, David C"]
[Result "1/2-1/2"]
[WhiteElo "2197"]
[BlackElo "1927"]
[PlyCount "79"]
[EventDate "2022.07.08"]
[EventRounds "5"]
[EventCountry "ENG"]

1. e4 d6 2. Nc3 g6 3. f4 Bg7 4. Nf3 c5 5. Bb5+ Bd7 6. Bc4 a6 7. a4 e6 8. O-O
Nc6 9. f5 Ne5 10. fxe6 Bxe6 11. Nxe5 Bxe5 12. Bxe6 fxe6 13. Qg4 Qe7 14. d3 Nf6
15. Qh3 O-O 16. Bg5 Rae8 17. Rf3 h5 18. Raf1 Qg7 19. Nd1 Ng4 20. Bf4 Bxf4 21.
Rxf4 Qd4+ 22. Kh1 Rxf4 23. Rxf4 Rf8 24. Rxf8+ Kxf8 25. Qg3 Qe5 26. Qxe5 Nxe5
27. Kg1 Ke7 28. h3 Kf6 29. Kf2 g5 30. Ke3 g4 31. b3 Kg5 32. Nf2 g3 33. Nd1 Ng6
34. Kf3 h4 35. Ne3 Ne5+ 36. Ke2 Kf4 37. Nf1 b5 38. axb5 axb5 39. Nd2 d5 40.
exd5  1/2-1/2

[Event "28th 4NCL Congress"]
[Site "Leamington Spa"]
[Date "2022.07.09"]
[Round "3"]
[Board "21"]
[White "Ortiz Sanchez, Luis"]
[Black "Burrows, Martin P"]
[Result "1/2-1/2"]
[WhiteElo "2008"]
[BlackElo "2179"]
[PlyCount "56"]
[EventDate "2022.07.08"]
[EventRounds "5"]
[EventCountry "ENG"]

1. e4 c5 2. c3 d5 3. exd5 Qxd5 4. d4 e6 5. Nf3 Nf6 6. Na3 Qd8 7. Nc4 Be7 8. Be3
Nd5 9. Bd3 Nc6 10. dxc5 Nxe3 11. Nxe3 Bxc5 12. Qe2 O-O 13. O-O-O Qe7 14. Kb1 a6
15. h4 f5 16. Nc4 b5 17. Nce5 Nxe5 18. Nxe5 Bb7 19. f3 Rad8 20. h5 Qf6 21. Bc2
Bd5 22. Bb3 Bxb3 23. axb3 Bd6 24. f4 Bxe5 25. fxe5 Qe7 26. Kc2 h6 27. Rxd8 Rxd8
28. Rd1 Kf7  1/2-1/2

[Event "28th 4NCL Congress"]
[Site "Leamington Spa"]
[Date "2022.07.09"]
[Round "3"]
[Board "22"]
[White "Sullivan, Daniel JS"]
[Black "Kolani, Arjun"]
[Result "1/2-1/2"]
[WhiteElo "2012"]
[BlackElo "2163"]
[PlyCount "130"]
[EventDate "2022.07.08"]
[EventRounds "5"]
[EventCountry "ENG"]

1. d4 Nf6 2. c4 g6 3. Nc3 d5 4. Nf3 Bg7 5. Qb3 dxc4 6. Qxc4 O-O 7. e4 a6 8. Be2
b5 9. Qb3 c5 10. dxc5 Bb7 11. e5 Nfd7 12. Be3 Nxe5 13. Nxe5 Bxe5 14. Rd1 Qa5
15. O-O e6 16. a3 Nc6 17. Ne4 Ne7 18. Nd6 Bd5 19. Qc2 Qc7 20. Rc1 Bxd6 21. cxd6
Qxd6 22. Qc7 Nf5 23. Bf4 Qxc7 24. Rxc7 Nd4 25. Bd3 Rac8 26. Rfc1 Nc6 27. Rxc8
Rxc8 28. a4 bxa4 29. Bxa6 Rd8 30. Kf1 f6 31. Bb5 Nb4 32. f3 g5 33. Bd2 Rb8 34.
Bxb4 Rxb5 35. Rc8+ Kg7 36. Rc7+ Kg6 37. Ba3 h5 38. h3 Kf5 39. Kf2 g4 40. hxg4+
hxg4 41. Ra7 gxf3 42. gxf3 Rb3 43. Rxa4 Rxf3+ 44. Ke2 Rb3 45. Ra5 Ke4 46. Ra4+
Ke5 47. Rb4 Rh3 48. Rb6 Kd4 49. Rb4+ Ke5 50. Rb6 f5 51. Bd6+ Kd4 52. Rb4+ Bc4+
53. Kf2 Kd5 54. Bf4 Rh4 55. Bg3 Rh8 56. b3 Bd3 57. Ra4 Be4 58. Ra5+ Kc6 59.
Ra6+ Kd7 60. Ra7+ Kd8 61. b4 Rh1 62. Be5 Rb1 63. Bd6 Rb3 64. Rf7 Bd5 65. Ke2
Ke8  1/2-1/2

[Event "28th 4NCL Congress"]
[Site "Leamington Spa"]
[Date "2022.07.09"]
[Round "3"]
[Board "24"]
[White "Li, Ethan Bingxuan"]
[Black "Arora, Tashika"]
[Result "1-0"]
[WhiteElo "1902"]
[BlackElo "2090"]
[PlyCount "97"]
[EventDate "2022.07.08"]
[EventRounds "5"]
[EventCountry "ENG"]

1. e4 e5 2. Nf3 Nc6 3. Bb5 a6 4. Ba4 Nf6 5. d3 b5 6. Bb3 Bb7 7. O-O Be7 8. Re1
O-O 9. Nbd2 a5 10. c3 a4 11. Bc2 Bc5 12. h3 d6 13. a3 Ne7 14. d4 exd4 15. cxd4
Bb6 16. Nf1 Ng6 17. h4 Re8 18. Ng3 Ba5 19. Bd2 Bxd2 20. Qxd2 Ng4 21. h5 Nf8 22.
Qf4 Nh6 23. Ng5 f6 24. Nf3 Ne6 25. Qh4 Ng5 26. Qf4 Nxf3+ 27. gxf3 Qd7 28. Kh2
Nf7 29. Nf5 Ng5 30. Qg4 Rad8 31. d5 g6 32. hxg6 hxg6 33. Nd4 Qh7+ 34. Kg3 Kf7
35. Rh1 Qg7 36. Bd3 Bc8 37. Qf4 Rh8 38. Bxb5 Nh3 39. Ne6 g5 40. Qf5 Qg8 41.
Rxh3 Rh4 42. Rc1 c5 43. Rg1 Qh8 44. Nxd8+ Qxd8 45. Qh7+ Rxh7 46. Rxh7+ Kg6 47.
Rgh1 Qf8 48. Be8+ Qxe8 49. R1h6#  1-0

[Event "28th 4NCL Congress"]
[Site "Leamington Spa"]
[Date "2022.07.09"]
[Round "3"]
[Board "25"]
[White "Pink, Joshua"]
[Black "Subramanian, Anusha"]
[Result "1/2-1/2"]
[WhiteElo "2066"]
[BlackElo "1705"]
[PlyCount "167"]
[EventDate "2022.07.08"]
[EventRounds "5"]
[EventCountry "ENG"]

1. f4 d5 2. Nf3 Bf5 3. e3 e6 4. b3 Nf6 5. Be2 c5 6. Bb2 Be7 7. O-O Nc6 8. Ne5
Qc8 9. d3 O-O 10. Bf3 Nxe5 11. Bxe5 Nd7 12. Bb2 Bf6 13. Bxf6 Nxf6 14. Nd2 Rd8
15. Qe2 Qc7 16. e4 dxe4 17. dxe4 Qxf4 18. Rad1 Bg6 19. Kh1 Qc7 20. c4 Qa5 21.
Nb1 Rxd1 22. Rxd1 Rd8 23. Nc3 Rd4 24. Rc1 Nd7 25. e5 Rd3 26. Ne4 Bxe4 27. Qxe4
Rd4 28. Qxb7 g6 29. Rf1 Qb6 30. Qc8+ Kg7 31. Re1 Qb8 32. Qxb8 Nxb8 33. Kg1 Rd2
34. Re2 Rxe2 35. Bxe2 Nc6 36. Kf2 Nxe5 37. Ke3 Kf6 38. Ke4 Nc6 39. a3 Ke7 40.
Kd3 f5 41. Kc3 a5 42. Bf3 Kd6 43. h4 e5 44. Bd5 h6 45. Bf7 g5 46. hxg5 hxg5 47.
Bg6 Ne7 48. Bh5 e4 49. b4 axb4+ 50. axb4 f4 51. b5 Nc8 52. Bg4 Nb6 53. Be2 Ke5
54. Bg4 Kf6 55. Kb3 Ke5 56. Kc3 Kd6 57. Bf5 e3 58. Bg4 Ke5 59. Kd3 Na4 60. Kc2
Kd4 61. Kb3 Nb6 62. Be2 g4 63. Kc2 Nxc4 64. Bxc4 Kxc4 65. b6 f3 66. gxf3 gxf3
67. b7 f2 68. b8=Q f1=Q 69. Qb3+ Kd4 70. Qb2+ Kd5 71. Qb7+ Kd6 72. Qb8+ Kc6 73.
Qc8+ Kd6 74. Qb8+ Ke6 75. Qe8+ Kd5 76. Qxe3 Qc4+ 77. Qc3 Qa2+ 78. Kc1 Qe2 79.
Qb3+ Kd4 80. Qa4+ c4 81. Qd7+ Kc3 82. Qg7+ Kb3 83. Qb7+ Kc3 84. Qg7+  1/2-1/2

[Event "28th 4NCL Congress"]
[Site "Leamington Spa"]
[Date "2022.07.09"]
[Round "3"]
[Board "26"]
[White "Woltery, Nicolai"]
[Black "Vleeshhouwer, Douglas"]
[Result "1-0"]
[WhiteElo "1930"]
[BlackElo "2062"]
[PlyCount "69"]
[EventDate "2022.07.08"]
[EventRounds "5"]
[EventCountry "ENG"]

1. c4 e5 2. Nc3 Nc6 3. Nf3 f5 4. d4 e4 5. Ng5 Bb4 6. h4 Nf6 7. e3 d5 8. Bd2 O-O
9. cxd5 Nxd5 10. Qh5 h6 11. Nxd5 Qxd5 12. Rc1 Bxd2+ 13. Kxd2 Na5 14. b3 b6 15.
Qg6 hxg5 16. hxg5 c5 17. Bb5 f4 18. Rh7 fxe3+ 19. fxe3 Rf2+ 20. Kc3 Qf7 21.
Qxe4 Bb7 22. Rch1 cxd4+ 23. Qxd4 Rc8+ 24. Bc4 Rxc4+ 25. bxc4 Qe7 26. Rh8+ Kf7
27. g6+ Kxg6 28. Qg4+ Qg5 29. R1h6+ gxh6 30. Rg8+ Kf7 31. Rxg5 hxg5 32. Qh5+
Ke6 33. Qe8+ Kf5 34. Qf7+ Kg4 35. Qxf2  1-0

[Event "28th 4NCL Congress"]
[Site "Leamington Spa"]
[Date "2022.07.09"]
[Round "3"]
[Board "27"]
[White "James, Russell A"]
[Black "Pal, Rohan"]
[Result "1/2-1/2"]
[WhiteElo "2148"]
[BlackElo "2022"]
[PlyCount "80"]
[EventDate "2022.07.08"]
[EventRounds "5"]
[EventCountry "ENG"]

1. e4 c5 2. Nf3 Nc6 3. d4 cxd4 4. Nxd4 Nf6 5. Nc3 e6 6. Ndb5 Bc5 7. Nd6+ Ke7 8.
Bf4 e5 9. Nf5+ Kf8 10. Bg5 d6 11. Bc4 Be6 12. Bb3 Nd4 13. O-O h6 14. Bxf6 Qxf6
15. Bxe6 fxe6 16. Ne3 Kg8 17. Na4 Kh7 18. Nxc5 dxc5 19. c3 Nc6 20. Qd7 Qe7 21.
Qxe7 Nxe7 22. Rfd1 Rhd8 23. Nc4 Nc6 24. a4 Kg6 25. Kf1 b6 26. Ke2 Kf6 27. h4 g6
28. h5 g5 29. Ne3 Kg7 30. Rxd8 Rxd8 31. Rd1 Rxd1 32. Kxd1 Na5 33. Ng4 Nc4 34.
Kc2 Nd6 35. f3 Nf7 36. Kd3 Kf8 37. b3 Ke7 38. Ne3 Kd6 39. b4 cxb4 40. cxb4 a6
 1/2-1/2

[Event "28th 4NCL Congress"]
[Site "Leamington Spa"]
[Date "2022.07.09"]
[Round "3"]
[Board "28"]
[White "Brixel, Christof"]
[Black "Mulay, Partha"]
[Result "1-0"]
[WhiteElo "2026"]
[BlackElo "2139"]
[PlyCount "111"]
[EventDate "2022.07.08"]
[EventRounds "5"]
[EventCountry "ENG"]

1. Nf3 Nf6 2. b3 g6 3. Bb2 Bg7 4. g3 d6 5. d4 c5 6. Bg2 O-O 7. O-O cxd4 8. Nxd4
a6 9. c4 Qc7 10. Nc3 e6 11. e4 Nc6 12. Nde2 b6 13. Rc1 Bb7 14. Qd2 Rfd8 15. Nd5
exd5 16. cxd5 Qd7 17. dxc6 Bxc6 18. Bxf6 Bxf6 19. e5 dxe5 20. Qxd7 Bxd7 21.
Bxa8 Rxa8 22. Rc7 Bb5 23. Re1 Bd8 24. Rc2 f6 25. Nc3 Bc6 26. Rd1 Kf7 27. Nd5
Be8 28. Nc7 Rc8 29. Rdc1 a5 30. Nxe8 Rxc2 31. Rxc2 Kxe8 32. f3 Kd7 33. Kf2 Be7
34. Ke3 Bc5+ 35. Kd3 Kc6 36. Rc4 Kd5 37. Rh4 h5 38. g4 Bf2 39. Rh3 hxg4 40.
fxg4 f5 41. gxf5 gxf5 42. Ke2 Bd4 43. Rh8 Ke4 44. h4 f4 45. Rf8 Bc5 46. Rf7 Kd5
47. h5 Ke6 48. Rc7 e4 49. h6 f3+ 50. Kf1 Ba3 51. Kf2 Kf5 52. h7 Bb2 53. Ke3 Kg4
54. Kxe4 Kg3 55. Rf7 f2 56. Ke3  1-0

[Event "28th 4NCL Congress"]
[Site "Leamington Spa"]
[Date "2022.07.09"]
[Round "3"]
[Board "29"]
[White "Ireland, David J"]
[Black "Gardiner, Eric D"]
[Result "0-1"]
[WhiteElo "2106"]
[BlackElo "2001"]
[PlyCount "122"]
[EventDate "2022.07.08"]
[EventRounds "5"]
[EventCountry "ENG"]

1. e4 e6 2. c4 d5 3. exd5 exd5 4. cxd5 Nf6 5. Nc3 Nxd5 6. Bc4 Nb4 7. d3 Be7 8.
Nf3 O-O 9. a3 N4c6 10. O-O Nd7 11. Bf4 Nb6 12. Nb5 Bd6 13. Nxd6 cxd6 14. Bg5
Qc7 15. Ba2 Be6 16. Bb1 h6 17. Bf4 Nd5 18. Bg3 Bf5 19. Nh4 Bh7 20. d4 Bxb1 21.
Rxb1 Qd7 22. Qf3 Nce7 23. Qd3 g5 24. Nf3 f5 25. h4 f4 26. Bh2 Qf5 27. Qxf5 Rxf5
28. hxg5 hxg5 29. g4 fxg3 30. fxg3 Ne3 31. g4 Nxf1 32. gxf5 Nxh2 33. Kxh2 Nxf5
34. Rg1 Kf7 35. Nxg5+ Kf6 36. Ne4+ Ke6 37. Rd1 Rh8+ 38. Kg1 Rh4 39. d5+ Ke5 40.
Nc3 a6 41. Re1+ Kd4 42. Rf1 Rg4+ 43. Kh2 Ne3 44. Rf2 Rg5 45. Rf4+ Kd3 46. Rb4
Nxd5 47. Nxd5 Rxd5 48. Rxb7 Rb5 49. Rxb5 axb5 50. b3 Kc3 51. a4 bxa4 52. bxa4
Kb4 53. Kg3 Kxa4 54. Kf4 Kb4 55. Ke3 Kc4 56. Kd2 Kd4 57. Ke2 Kc3 58. Ke3 d5 59.
Ke2 d4 60. Kd1 Kd3 61. Ke1 Kc2  0-1

[Event "28th 4NCL Congress"]
[Site "Leamington Spa"]
[Date "2022.07.09"]
[Round "3"]
[Board "30"]
[White "Gregory, Keith DF"]
[Black "Phan, Stefanus"]
[Result "1/2-1/2"]
[WhiteElo "2024"]
[BlackElo "2049"]
[PlyCount "63"]
[EventDate "2022.07.08"]
[EventRounds "5"]
[EventCountry "ENG"]

1. Nf3 Nf6 2. c4 e6 3. g3 d5 4. Bg2 Be7 5. O-O O-O 6. d4 dxc4 7. Qa4 a6 8. Qxc4
b5 9. Qc2 Bb7 10. Nbd2 Nbd7 11. Nb3 Be4 12. Qd1 c5 13. dxc5 Nxc5 14. Nbd2 Bb7
15. b3 Qb6 16. Bb2 Rfd8 17. Qb1 Nce4 18. Nxe4 Nxe4 19. e3 Bc5 20. Bd4 Bxd4 21.
exd4 Rac8 22. Qb2 a5 23. Rfc1 b4 24. Rxc8 Rxc8 25. Ne5 Nc3 26. Nc4 Qc7 27. Bxb7
Qxb7 28. Nd6 Qc7 29. Nxc8 Qxc8 30. Qd2 h6 31. Re1 Qc6 32. h4  1/2-1/2